00354nam a22001337a 4500020001800000082002700018100001700045245003200062250001600094260005200110300001100162526003900173650000800212 a0 7121 1957 4 a41173bSMIcL-16, G-IV aSmith, M. J. aSoil mechanicscM. J. Smith a3rd edition aLondonbThe English language book societyc1978 a130.p: a0b0c0d41173_000000000000000_SMI aMCE